| Tag |
First Indicator |
Second Indicator |
Subfields |
| LEADER |
00000cem a2200000 a 4500 |
| 001 |
in00001182102 |
| 005 |
20151001091807.0 |
| 007 |
aj canzn |
| 008 |
940316s1993 vauag bh a f 1 eng d |
| 010 |
|
|
|a gp 94078005
|
| 034 |
1 |
|
|a a
|b 100000
|d W1150000
|e W1140000
|f N0330000
|g N0323000
|
| 035 |
|
|
|a (OCoLC)29974876
|
| 035 |
|
|
|9 AGG1693AM
|
| 040 |
|
|
|a GPO
|c GPO
|d DLC
|d UtOrBLW
|
| 052 |
|
|
|a 4331
|
| 052 |
|
|
|a 4361
|
| 052 |
|
|
|a 4481
|
| 074 |
|
|
|a 0619-G-25
|
| 086 |
0 |
|
|a I 19.110:32114-E 1-TM-100/993
|
| 110 |
2 |
|
|a Geological Survey (U.S.)
|
| 245 |
1 |
0 |
|a Yuma, Arizona--California--Baja California Norte :
|b 1:100 000-scale metric topographic map : 30 x 60 minute series (topographic) /
|c produced by the United States Geological Survey.
|
| 255 |
|
|
|a Scale 1:100,000. 1 cm. on the map represents 1 km. on the ground ;
|b universal transverse Mercator proj.
|c (W 11500ʹ--W 11400ʹ/N 3300ʹ--N 3230ʹ).
|
| 264 |
|
1 |
|a Reston, Va. :
|b The Survey ;
|c [1993]
|
| 264 |
|
2 |
|a Denver, Colo. :
|b For sale by the Survey,
|
| 300 |
|
|
|a 1 map :
|b color ;
|c 61 x 111 cm.
|
| 336 |
|
|
|a cartographic image
|b cri
|2 rdacontent
|
| 337 |
|
|
|a unmediated
|b n
|2 rdamedia
|
| 338 |
|
|
|a sheet
|b nb
|2 rdacarrier
|
| 500 |
|
|
|a Filing title: Yuma, Arizona-California-Baja California Norte.
|
| 500 |
|
|
|a Relief shown by contours and spot heights.
|
| 500 |
|
|
|a "Map edited 1993."
|
| 500 |
|
|
|a "Mexico portion derived from DGG 1:50,000-scale topographic map dated 1977. Ciudad Morelos II1D67."
|
| 500 |
|
|
|a Designed to be folded to 21 x 11 cm.
|
| 500 |
|
|
|a Includes location map and index to adjoining maps.
|
| 500 |
|
|
|a "32114-E1-TM-100."
|
| 500 |
|
|
|a Cartographic material.
|
| 651 |
|
0 |
|a Arizona
|x Maps, Topographic.
|
| 651 |
|
0 |
|a California
|x Maps, Topographic.
|
| 651 |
|
0 |
|a Baja California (Mexico : State)
|x Maps, Topographic.
|
| 740 |
0 |
|
|a Yuma, Arizona-California-Baja California Norte.
|
| 999 |
|
|
|a MARS
|
| 999 |
f |
f |
|s 0b111923-f3e2-3a07-841d-4a0f5b45a4b0
|i 861f4564-13a1-3efd-b7a1-6d7277ace06e
|t 0
|
| 952 |
f |
f |
|p normal
|a Texas A&M University
|b College Station
|c Sterling C. Evans Library
|d Evans: Maps (2nd floor)
|t 0
|e G3701 C1 s100 U5 Yuma
|h Library of Congress classification
|i unmediated -- sheet
|m A14816732515
|
| 998 |
f |
f |
|a G3701 C1 s100 U5 Yuma
|t 0
|l Evans: Maps (2nd floor)
|